| 000 | 01636nam a2200409Ia 4500 | ||
|---|---|---|---|
| 001 | ebr10263688 | ||
| 003 | CaPaEBR | ||
| 006 | m u | ||
| 007 | cr cn||||||||| | ||
| 008 | 080314s2009 enkabf sb 001 0beng d | ||
| 010 | _z 2008011980 | ||
| 020 | _z9780195127096 | ||
| 020 | _z0195127099 | ||
| 040 |
_aCaPaEBR _cCaPaEBR |
||
| 035 | _a(OCoLC)654777972 | ||
| 050 | 1 | 4 |
_aF731.S916 _bM55 2009eb |
| 100 | 1 |
_aMilner, Clyde A., _d1948- |
|
| 245 | 1 | 0 |
_aAs big as the West _h[electronic resource] : _bthe pioneer life of Granville Stuart / _cClyde A. Milner II and Carol A. O'Connor. |
| 260 |
_aOxford ; _aNew York : _bOxford University Press, _c2009. |
||
| 300 |
_axvi, 430 p. : _bill., maps. |
||
| 504 | _aIncludes bibliographical references (p. 357-410) and index. | ||
| 533 |
_aElectronic reproduction. _bPalo Alto, Calif. : _cebrary, _d2009. _nAvailable via World Wide Web. _nAccess may be limited to ebrary affiliated libraries. |
||
| 600 | 1 | 0 |
_aStuart, Granville, _d1834-1918. |
| 650 | 0 |
_aPioneers _zMontana _vBiography. |
|
| 650 | 0 |
_aFrontier and pioneer life _zMontana. |
|
| 650 | 0 |
_aRanchers _zMontana _vBiography. |
|
| 650 | 0 |
_aRanch life _zMontana _xHistory. |
|
| 650 | 0 |
_aGold miners _zMontana _vBiography. |
|
| 650 | 0 |
_aPoliticians _zMontana _vBiography. |
|
| 651 | 0 |
_aMontana _xGold discoveries. |
|
| 651 | 0 |
_aMontana _xHistory. |
|
| 651 | 0 |
_aMontana _vBiography. |
|
| 655 | 7 |
_aElectronic books. _2local |
|
| 700 | 1 |
_aO'Connor, Carol A., _d1946- |
|
| 710 | 2 | _aebrary, Inc. | |
| 856 | 4 | 0 |
_uhttp://site.ebrary.com/lib/rucke/Doc?id=10263688 _zAn electronic book accessible through the World Wide Web; click to view |
| 999 |
_c11552 _d11552 |
||